Instalaciones

Zapisane w:
Opis bibliograficzny
1. autor: Miranda Barreras, Angel Luis (autor)
Format: Książka
Język:hiszpański
Wydane: Barcelona Ceac 1996
Wydanie:5a. ed
Seria:Biblioteca de Instalaciones de Agua, Gas y Aire Acondicionado
Hasła przedmiotowe:
Etykiety: Dodaj etykietę
Nie ma etykietki, Dołącz pierwszą etykiete!

MARC

LEADER 00000nam a2200000 a 4500
001 UCL0953
003 CL-VaPUC
008 030825e19960000SP |||||||||||||||||spa|d
020 |a 8432965111 
082 0 4 |a 696  |b MIR  |2 21 
100 |a Miranda Barreras, Angel Luis  |e autor  |9 553634 
245 1 0 |a Instalaciones 
250 |a 5a. ed 
300 |a 478 p 
942 |c BK 
945 |d 20030825 00:00:00  |a cmena 
260 |a Barcelona  |b Ceac  |c 1996 
650 0 |a Edificios   |9 260501 
650 0 |a Instalaciones sanitarias  |9 258060 
650 7 |a CALEFACCION  |2 CL-VaPUC  |9 477735 
650 7 |a GAS  |2 CL-VaPUC  |9 340305 
650 0 |a Piscinas  |9 341521 
650 0 |a Aire acondicionado  |9 259344 
650 0 |a Prevención de incendios  |9 421376 
650 7 |a ENERGIA SOLAR  |2 CL-VaPUC  |9 477736 
583 |a last modification  |c 20030825 00:00:00  |k Rodrigo Vera 
490 0 |a Biblioteca de Instalaciones de Agua, Gas y Aire Acondicionado 
999 |c 304671  |d 304669 
952 |0 0  |1 0  |4 0  |6 696_000000000000000_MIR_1996  |7 0  |8 A  |9 367312  |a BIBMEC  |b BIBMEC  |d 2019-11-21  |i 3934535  |o 696 MIR 1996  |p 3934535  |r 2024-01-19  |w 2019-11-21  |y BK  |k MEC